[Event "2. Bundesliga Ost 2009/2010"]
[Site "17+18.10Zwettl14+15.11Poechlarn"]
[Date "2009.11.15"]
[Round "4"]
[Board "4"]
[White "Weissenbeck, Manuel"]
[Black "Brod, Manfred"]
[Result "1/2-1/2"]
[WhiteElo "2252"]
[BlackElo "2165"]
[PlyCount "77"]
[EventDate "2009.10.17"]
[EventType "team"]
[EventRounds "11"]
[EventCountry "AUT"]
[WhiteTeam "Spg Data Technology Eichgraben/P."]
[BlackTeam "ASVOE SK Mattersburg"]

1.d4 Nf6 2.Nf3 g6 3.c4 Bg7 4.Nc3 d5 5.cxd5 Nxd5 6.e4 Nxc3 7.bxc3 c5 8.Be3 Qa5
9.Qd2 O-O 10.Rc1 cxd4 11.cxd4 Qxd2+ 12.Nxd2 e6 13.Be2 b6 14.f3 Ba6 15.h4 h5
16.g4 hxg4 17.fxg4 Rd8 18.Bf3 e5 19.d5 Nd7 20.Nb3 Rac8 21.Kf2 Bf8 22.g5 Ba3
23.Rxc8 Rxc8 24.Rd1 Kf8 25.h5 gxh5 26.Bxh5 Rc2+ 27.Rd2 Rxd2+ 28.Bxd2 Nc5 29.Nxc5
Bxc5+ 30.Ke1 Bd3 31.g6 fxg6 32.Bxg6 Ke7 33.Bg5+ Kd7 34.Bf5+ Kd6 35.Bh6 Bb4+
36.Kd1 Ke7 37.Bg5+ Kd6 38.Bh6 Ke7 39.Bg5+

[Event "2. Bundesliga Ost 2009/2010"]
[Site "17+18.10Zwettl14+15.11Poechlarn"]
[Date "2009.11.15"]
[Round "4"]
[Board "5"]
[White "Salamon, Werner"]
[Black "Hechl, Gerald"]
[Result "0-1"]
[WhiteElo "2130"]
[BlackElo "2244"]
[PlyCount "60"]
[EventDate "2009.10.17"]
[EventType "team"]
[EventRounds "11"]
[EventCountry "AUT"]
[WhiteTeam "ASVOE SK Mattersburg"]
[BlackTeam "Spg Data Technology Eichgraben/P."]

1.e4 a6 2.d4 b5 3.Bd3 Bb7 4.f4 Nf6 5.Qe2 e6 6.Nf3 c5 7.c3 Be7 8.O-O O-O 9.Nbd2
Qc7 10.e5 Nd5 11.Ne4 cxd4 12.cxd4 f5 13.exf6 Nxf6 14.Kh1 Nc6 15.Nfg5 Nxe4
16.Qxe4 g6 17.Bd2 Nb4 18.Qe3 Nxd3 19.Qxd3 Qc6 20.Nf3 Bd6 21.Rf2 Qd5 22.a3 Bxf4
23.Nh4 Bd6 24.Re2 Qh5 25.Re4 Rf2 26.Be3 Rxg2 27.Kxg2 Qxh4 28.d5 Bxd5 29.Qxd5
Qxh2+ 30.Kf3 Rf8+

[Event "2. Bundesliga Ost 2009/2010"]
[Site "17+18.10Zwettl14+15.11Poechlarn"]
[Date "2009.11.15"]
[Round "4"]
[Board "1"]
[White "Plachetka, Jan"]
[Black "Macak, Stefan"]
[Result "1-0"]
[WhiteElo "2379"]
[BlackElo "2468"]
[PlyCount "55"]
[EventDate "2009.10.17"]
[EventType "team"]
[EventRounds "11"]
[EventCountry "AUT"]
[WhiteTeam "Austria Wien"]
[BlackTeam "1. Wr. Neustaedter SV"]

1.d4 Nf6 2.c4 c5 3.d5 e6 4.Nc3 exd5 5.cxd5 d6 6.Nf3 g6 7.e4 Bg7 8.Bg5 h6 9.Bh4
a6 10.Nd2 O-O 11.a4 Re8 12.Be2 Nbd7 13.O-O g5 14.Bg3 Ne5 15.h3 Ng6 16.Bf3 Nf4
17.Nc4 Nh7 18.Qd2 Qf6 19.Bxf4 gxf4 20.Ne2 Ng5 21.Qxf4 Qg6 22.Ng3 Be5 23.Nxe5
Rxe5 24.Kh2 Bd7 25.Bh5 Qg7 26.Bg4 Bxg4 27.Qxg4 Nxe4 28.Nxe4

[Event "2. Bundesliga Ost 2009/2010"]
[Site "17+18.10Zwettl14+15.11Poechlarn"]
[Date "2009.11.15"]
[Round "4"]
[Board "2"]
[White "Michalik, Peter"]
[Black "Hangweyrer, Manfred"]
[Result "1/2-1/2"]
[WhiteElo "2439"]
[BlackElo "2348"]
[PlyCount "101"]
[EventDate "2009.10.17"]
[EventType "team"]
[EventRounds "11"]
[EventCountry "AUT"]
[WhiteTeam "1. Wr. Neustaedter SV"]
[BlackTeam "Austria Wien"]

1.d4 d5 2.c4 c6 3.Nf3 Nf6 4.e3 e6 5.b3 Nbd7 6.Bd3 Be7 7.O-O O-O 8.Qc2 h6 9.Bb2
b6 10.Nc3 Bb7 11.Rac1 Rc8 12.Qe2 dxc4 13.bxc4 c5 14.Rfd1 cxd4 15.exd4 Re8 16.Ne5
Qc7 17.f4 a6 18.g4 Nf8 19.Rf1 N6d7 20.Ne4 f6 21.Nf3 Rcd8 22.Rcd1 Qb8 23.Bc1 Qc8
24.g5 hxg5 25.fxg5 f5 26.Ng3 Bd6 27.Nh4 Qc6 28.Bf4 g6 29.Bxd6 Qxd6 30.Bc2 Qe7
31.Qe3 Qh7 32.Nf3 Qh3 33.Qf2 Nh7 34.d5 e5 35.Rfe1 e4 36.Nd4 Ne5 37.Qf4 Bc8
38.Ba4 Bd7 39.Bc2 Rc8 40.Re2 Rxc4 41.Ne6 Bxe6 42.Qxe5 Bf7 43.Qf4 Rc3 44.d6 Rf3
45.Qd2 e3 46.Qe1 f4 47.Ne4 Qd7 48.Qh4 Qh3 49.Qe1 Qd7 50.Qh4 Qh3 51.Qe1

[Event "2. Bundesliga Ost 2009/2010"]
[Site "17+18.10Zwettl14+15.11Poechlarn"]
[Date "2009.11.15"]
[Round "4"]
[Board "3"]
[White "Nagy, Bence"]
[Black "Schroll, Gerhard"]
[Result "1/2-1/2"]
[WhiteElo "2305"]
[BlackElo "2411"]
[PlyCount "62"]
[EventDate "2009.10.17"]
[EventType "team"]
[EventRounds "11"]
[EventCountry "AUT"]
[WhiteTeam "Austria Wien"]
[BlackTeam "1. Wr. Neustaedter SV"]

1.e4 Nf6 2.e5 Nd5 3.Nc3 e6 4.Nxd5 exd5 5.Nf3 d6 6.d4 Be7 7.Bd3 Nc6 8.c3 dxe5
9.Nxe5 Nxe5 10.dxe5 c6 11.O-O O-O 12.Qc2 h6 13.Bf4 f5 14.exf6 Bxf6 15.Qd2 Be6
16.Bc2 Bg5 17.Bxg5 Qxg5 18.Qxg5 hxg5 19.Rae1 Rae8 20.Re5 Bd7 21.Rfe1 Rxe5
22.Rxe5 Re8 23.Rxe8+ Bxe8 24.Bf5 Kf7 25.Bc8 b6 26.g3 Kf6 27.f4 gxf4 28.gxf4 c5
29.Kf2 Bf7 30.a3 Bg8 31.Ke3 Bf7

[Event "2. Bundesliga Ost 2009/2010"]
[Site "17+18.10Zwettl14+15.11Poechlarn"]
[Date "2009.11.15"]
[Round "4"]
[Board "4"]
[White "Lucaci, Marius"]
[Black "Liedl, Wolfgang"]
[Result "0-1"]
[WhiteElo "2153"]
[BlackElo "2211"]
[PlyCount "92"]
[EventDate "2009.10.17"]
[EventType "team"]
[EventRounds "11"]
[EventCountry "AUT"]
[WhiteTeam "1. Wr. Neustaedter SV"]
[BlackTeam "Austria Wien"]

1.e4 e5 2.Nf3 Nc6 3.Bc4 d6 4.O-O g6 5.d4 exd4 6.Nxd4 Bg7 7.c3 Nf6 8.Bg5 h6 9.Bh4
g5 10.Bg3 O-O 11.Nd2 Nxd4 12.cxd4 d5 13.exd5 Nxd5 14.Be5 Nb6 15.Bb3 Bf5 16.Qf3
Bxe5 17.dxe5 Qd3 18.Rfe1 Qxf3 19.Nxf3 Rad8 20.Rad1 Rxd1 21.Rxd1 Re8 22.h3 Be4
23.Re1 Bd5 24.Bxd5 Nxd5 25.Nd4 Kg7 26.a3 Nf4 27.Re3 Nd5 28.Re4 Kg6 29.g4 Nf4
30.Kh2 Nd3 31.e6 fxe6 32.Rxe6+ Rxe6 33.Nxe6 c5 34.Kg3 c4 35.f4 Nxb2 36.f5+ Kf6
37.Kf3 c3 38.Nd4 Nd3 39.Ke3 Nf4 40.Nb5 c2 41.Kd2 Nxh3 42.Nxa7 Nf2 43.Nb5 Nxg4
44.Nd6 Ne3 45.a4 b6 46.Nc8 g4

[Event "2. Bundesliga Ost 2009/2010"]
[Site "17+18.10Zwettl14+15.11Poechlarn"]
[Date "2009.11.15"]
[Round "4"]
[Board "5"]
[White "Newrkla, Katharina"]
[Black "Todor, Razvan"]
[Result "1-0"]
[WhiteElo "2083"]
[BlackElo "2201"]
[PlyCount "37"]
[EventDate "2009.10.17"]
[EventType "team"]
[EventRounds "11"]
[EventCountry "AUT"]
[WhiteTeam "Austria Wien"]
[BlackTeam "1. Wr. Neustaedter SV"]

1.e4 c5 2.Nf3 e6 3.d4 cxd4 4.Nxd4 Bc5 5.Nb3 Bb6 6.Nc3 Ne7 7.Bf4 d5 8.exd5 exd5
9.Bd3 Nbc6 10.O-O Be6 11.Qh5 Nb4 12.Bb5+ Nec6 13.Rad1 d4 14.Ne4 O-O 15.Bd3 Nxd3
16.Rxd3 Qd5 17.Nf6+ gxf6 18.Rg3+ Kh8 19.Qh6

[Event "2. Bundesliga Ost 2009/2010"]
[Site "17+18.10Zwettl14+15.11Poechlarn"]
[Date "2009.11.15"]
[Round "4"]
[Board "6"]
[White "Steiner, Adam"]
[Black "Rogetzer, Klaus"]
[Result "0-1"]
[WhiteElo "2188"]
[BlackElo "2073"]
[PlyCount "102"]
[EventDate "2009.10.17"]
[EventType "team"]
[EventRounds "11"]
[EventCountry "AUT"]
[WhiteTeam "1. Wr. Neustaedter SV"]
[BlackTeam "Austria Wien"]

1.e4 c6 2.d4 d5 3.e5 c5 4.Nf3 Nc6 5.c4 Bg4 6.cxd5 Nxd4 7.Nxd4 Bxd1 8.Bb5+ Qd7
9.Kxd1 cxd4 10.Bxd7+ Kxd7 11.Ke2 Rc8 12.Kd3 g6 13.Na3 e6 14.d6 f6 15.f4 Bg7
16.Kxd4 Nh6 17.Ke4 fxe5 18.fxe5 Ng4 19.Bf4 Nf2+ 20.Kd4 Nxh1 21.Rxh1 Rhf8 22.Ke4
Rc5 23.g4 Rxf4+ 24.Kxf4 Bxe5+ 25.Ke3 Bxb2 26.Nb1 Rc1 27.Rxc1 Bxc1+ 28.Ke4 Kxd6
29.Nc3 Kc5 30.Ne2 Bb2 31.Nf4 Kd6 32.Nd3 Bc3 33.h4 b5 34.Nf4 a5 35.Nh3 Bf6 36.h5
g5 37.Nf2 b4 38.Nd3 Bc3 39.Nc1 a4 40.Kd3 Kd5 41.Ne2 Be5 42.Nc1 Bf4 43.Ne2 e5
44.h6 e4+ 45.Kc2 Be5 46.Ng1 Kc4 47.Nh3 b3+ 48.Kb1 Bf6 49.Nf2 Kd5 50.Nd1 Bd4
51.Kc1 Ke5

[Event "2. Bundesliga Ost 2009/2010"]
[Site "17+18.10Zwettl14+15.11Poechlarn"]
[Date "2009.11.15"]
[Round "4"]
[Board "1"]
[White "Denk, Adolf"]
[Black "Zilka, Stepan"]
[Result "0-1"]
[WhiteElo "2257"]
[BlackElo "2485"]
[PlyCount "140"]
[EventDate "2009.10.17"]
[EventType "team"]
[EventRounds "11"]
[EventCountry "AUT"]
[WhiteTeam "SK St. Poelten"]
[BlackTeam "Blackburne Nickelsdorf"]

1.d4 d5 2.Nf3 Nf6 3.c4 c6 4.e3 Bg4 5.h3 Bh5 6.Nc3 e6 7.Qb3 Qb6 8.c5 Qc7 9.Ne5
Nfd7 10.Nxd7 Nxd7 11.e4 Be7 12.g3 O-O 13.Bg2 dxe4 14.Nxe4 Nf6 15.Bf4 Qa5+ 16.Qc3
Qb5 17.Nxf6+ Bxf6 18.g4 Bg6 19.Bf1 Qa4 20.Bc4 b5 21.cxb6 axb6 22.b3 Qa7 23.g5
Be7 24.O-O Rfd8 25.Rfd1 Bh5 26.Rd2 Bd6 27.Be5 Qe7 28.Bxd6 Rxd6 29.f4 Rad8 30.Re1
Qd7 31.Kf2 c5 32.d5 exd5 33.Qe5 f6 34.gxf6 dxc4 35.Rxd6 Qxd6 36.Qxh5 Qxf4+
37.Kg1 g6 38.Qg4 Qxg4+ 39.hxg4 cxb3 40.axb3 Rd4 41.g5 Rg4+ 42.Kh2 Rxg5 43.Re6 b5
44.Re7 Rf5 45.Rg7+ Kf8 46.Rc7 h6 47.Kg3 c4 48.bxc4 bxc4 49.Rxc4 Rxf6 50.Rc7 Rf7
51.Rc6 Kg7 52.Kg4 h5+ 53.Kg5 Rf5+ 54.Kh4 Rf4+ 55.Kg3 Ra4 56.Rb6 Kh6 57.Rc6 h4+
58.Kh3 Kh5 59.Rc8 Ra3+ 60.Kh2 g5 61.Rc4 Ra2+ 62.Kh1 h3 63.Rc8 Kh4 64.Rc3 g4
65.Rc4 Re2 66.Rb4 Kg3 67.Rb3+ Kf4 68.Rb4+ Re4 69.Rb2 Re1+ 70.Kh2 g3+

[Event "2. Bundesliga Ost 2009/2010"]
[Site "17+18.10Zwettl14+15.11Poechlarn"]
[Date "2009.11.15"]
[Round "4"]
[Board "2"]
[White "Vlcek, Stanislav"]
[Black "Sadilek, Maximilian"]
[Result "1-0"]
[WhiteElo "2286"]
[BlackElo "2207"]
[PlyCount "129"]
[EventDate "2009.10.17"]
[EventType "team"]
[EventRounds "11"]
[EventCountry "AUT"]
[WhiteTeam "Blackburne Nickelsdorf"]
[BlackTeam "SK St. Poelten"]

1.e4 c5 2.Nf3 Nc6 3.d4 cxd4 4.Nxd4 Nf6 5.Nc3 e5 6.Ndb5 d6 7.Bg5 a6 8.Na3 b5
9.Bxf6 gxf6 10.Nd5 f5 11.exf5 Bxf5 12.c3 Bg7 13.Nc2 O-O 14.Bd3 e4 15.Nce3 Bg6
16.Bc2 Be5 17.f4 exf3 18.Qxf3 Bxc2 19.Nxc2 Qh4+ 20.g3 Qh3 21.Nc7 Ra7 22.Nd5 a5
23.a3 f5 24.O-O-O b4 25.cxb4 axb4 26.Ndxb4 Nxb4 27.Nxb4 Qh6+ 28.Kb1 Qg7 29.Rd2
Rb7 30.Rc1 Kh8 31.Rc4 Qf7 32.Nd5 Rfb8 33.Rb4 Rxb4 34.Nxb4 Rc8 35.Qd5 Qa7 36.Nc6
Qe3 37.Ne7 Rf8 38.Nc6 Bg7 39.Qxd6 f4 40.gxf4 Qe4+ 41.Ka1 Rxf4 42.Qd8+ Rf8 43.Qd5
Rf1+ 44.Ka2 Qb1+ 45.Kb3 Rf8 46.Nd8 Qg6 47.Ka2 Rf1 48.Ne6 Qb1+ 49.Kb3 h6 50.Nxg7
Kxg7 51.Rg2+ Kf6 52.Qd6+ Kf7 53.Qd7+ Kf6 54.Qg7+ Ke6 55.Re2+ Kf5 56.Qh7+ Kg4
57.Qxb1 Rxb1 58.a4 h5 59.a5 h4 60.a6 Kf3 61.Ka2 Rd1 62.Rc2 Rd6 63.Rc3+ Kg2 64.a7
Rd8 65.h3

[Event "2. Bundesliga Ost 2009/2010"]
[Site "17+18.10Zwettl14+15.11Poechlarn"]
[Date "2009.11.15"]
[Round "4"]
[Board "3"]
[White "Steiner, Bruno"]
[Black "Koffler, Daniel"]
[Result "1/2-1/2"]
[WhiteElo "2184"]
[BlackElo "2236"]
[PlyCount "104"]
[EventDate "2009.10.17"]
[EventType "team"]
[EventRounds "11"]
[EventCountry "AUT"]
[WhiteTeam "SK St. Poelten"]
[BlackTeam "Blackburne Nickelsdorf"]

1.c4 g6 2.g3 Bg7 3.Bg2 Nf6 4.Nc3 c6 5.e4 d6 6.Nge2 Nbd7 7.O-O O-O 8.d3 e5 9.h3
a6 10.Be3 b5 11.a3 Rb8 12.cxb5 axb5 13.b4 Nb6 14.f4 exf4 15.gxf4 d5 16.f5 Nh5
17.Bd4 Bh6 18.exd5 Nxd5 19.Nxd5 cxd5 20.Nc3 Nf4 21.Rxf4 Bxf4 22.Qf3 Bg5 23.fxg6
hxg6 24.Rf1 Be6 25.Qg3 Bh6 26.Qe5 Kh7 27.Bxd5 Qg5+ 28.Qxg5 Bxg5 29.Bc5 Rh8
30.Bxe6 fxe6 31.Ne4 Kh6 32.Rf7 Rbd8 33.Nxg5 Kxg5 34.Be7+ Kh5 35.Bxd8 Rxd8 36.Rf3
Ra8 37.d4 Rd8 38.Rd3 Kg5 39.Kf2 Kf4 40.Ke2 Rd5 41.Re3 Rd6 42.Re5 Ra6 43.Rxb5
Rxa3 44.Re5 Rxh3 45.Rxe6 Rb3 46.Rxg6 Ke4 47.Rg4+ Kd5 48.b5 Rxb5 49.Rg5+ Kc6
50.Rxb5 Kxb5 51.Kf3 Kc6 52.Ke4 Kd6

[Event "2. Bundesliga Ost 2009/2010"]
[Site "17+18.10Zwettl14+15.11Poechlarn"]
[Date "2009.11.15"]
[Round "4"]
[Board "4"]
[White "Bachofner, Andreas"]
[Black "Juenger, Heinz"]
[Result "1-0"]
[WhiteElo "2229"]
[BlackElo "2086"]
[PlyCount "133"]
[EventDate "2009.10.17"]
[EventType "team"]
[EventRounds "11"]
[EventCountry "AUT"]
[WhiteTeam "Blackburne Nickelsdorf"]
[BlackTeam "SK St. Poelten"]

1.e4 e6 2.d4 d5 3.Nc3 Bb4 4.exd5 exd5 5.Bd3 Nc6 6.a3 Bxc3+ 7.bxc3 Nf6 8.Ne2 O-O
9.O-O Na5 10.Bg5 h6 11.Bh4 Qd6 12.Re1 Re8 13.Qb1 Nc4 14.Qb4 g5 15.Bg3 Qc6 16.h4
Bg4 17.hxg5 hxg5 18.f3 Bh5 19.Qb1 Nh7 20.Qc1 Bg6 21.f4 gxf4 22.Qxf4 Re7 23.Bh4
Re6 24.Ng3 Qd6 25.Qxd6 Rxd6 26.Nf5 Bxf5 27.Bxf5 Nf8 28.Re7 Rc6 29.Bg3 Nd6
30.Bxd6 cxd6 31.Rxb7 Rxc3 32.Rf1 Rxa3 33.Bd3 Ra4 34.Rfxf7 Rxd4 35.Rg7+ Kh8
36.Rg5 Rh4 37.Rxd5 a5 38.g3 Rg4 39.Rh5+ Kg8 40.Kg2 a4 41.Kf3 Rd4 42.Rg5+ Kh8
43.Ke3 a3 44.Rh5+ Kg8 45.Kxd4 Ne6+ 46.Kd5 a2 47.Rh1 Nc5 48.Re7 a1=Q 49.Rxa1 Rxa1
50.Kxd6 Nxd3 51.cxd3 Ra3 52.Re3 Kf7 53.Kc5 Kf6 54.Kb4 Ra1 55.d4 Rd1 56.Kc5 Ra1
57.d5 Ra5+ 58.Kc6 Ra6+ 59.Kb5 Ra1 60.d6 Rb1+ 61.Kc6 Rc1+ 62.Kb7 Rd1 63.Kc7 Rc1+
64.Kd8 Ra1 65.d7 Ra8+ 66.Kc7 Ra7+ 67.Kc8

[Event "2. Bundesliga Ost 2009/2010"]
[Site "17+18.10Zwettl14+15.11Poechlarn"]
[Date "2009.11.15"]
[Round "4"]
[Board "5"]
[White "Sekyra, Michael"]
[Black "Steinert, Martin"]
[Result "0-1"]
[WhiteElo "2155"]
[BlackElo "2127"]
[PlyCount "88"]
[EventDate "2009.10.17"]
[EventType "team"]
[EventRounds "11"]
[EventCountry "AUT"]
[WhiteTeam "SK St. Poelten"]
[BlackTeam "Blackburne Nickelsdorf"]

1.e4 d6 2.d4 g6 3.Nc3 Bg7 4.Be3 Nc6 5.f4 e5 6.Nf3 Bg4 7.Bb5 Bxf3 8.gxf3 exd4
9.Bxd4 Qh4+ 10.Ke2 Kf8 11.Bf2 Qh5 12.Nd5 Re8 13.Kf1 Qh3+ 14.Kg1 Qd7 15.c3 a6
16.Bd3 Nce7 17.Kg2 Nf6 18.Nxf6 Bxf6 19.Qb3 Kg7 20.Rad1 Qc8 21.Bc4 Rhf8 22.Rhe1
Nc6 23.Bd5 Nd8 24.Rd2 Re7 25.Red1 b5 26.Qc2 a5 27.a4 c6 28.Ba2 Nb7 29.Bd4 Bxd4
30.Rxd4 f5 31.e5 dxe5 32.fxe5 Rxe5 33.Rd7+ Kh6 34.Qf2 g5 35.f4 Re4 36.fxg5+ Kg6
37.h4 Qe8 38.h5+ Kxg5 39.Qg3+ Rg4 40.Rg7+ Kh6 41.Rxg4 Qe2+ 42.Kh3 fxg4+ 43.Kh4
Qe7+ 44.Kxg4 Qe4+

[Event "2. Bundesliga Ost 2009/2010"]
[Site "17+18.10Zwettl14+15.11Poechlarn"]
[Date "2009.11.15"]
[Round "4"]
[Board "6"]
[White "Bachofner, Christian"]
[Black "Kammerer, Roman"]
[Result "1/2-1/2"]
[WhiteElo "2072"]
[BlackElo "2099"]
[PlyCount "142"]
[EventDate "2009.10.17"]
[EventType "team"]
[EventRounds "11"]
[EventCountry "AUT"]
[WhiteTeam "Blackburne Nickelsdorf"]
[BlackTeam "SK St. Poelten"]

1.e4 c5 2.Nf3 Nc6 3.Nc3 g6 4.d4 cxd4 5.Nxd4 Bg7 6.Be3 d6 7.Be2 Nf6 8.O-O O-O
9.h3 Bd7 10.Qd2 Nxd4 11.Bxd4 Bc6 12.Bd3 e5 13.Be3 d5 14.exd5 Nxd5 15.Nxd5 Qxd5
16.f3 f5 17.Qb4 a5 18.Qc5 Qxc5 19.Bxc5 Rfd8 20.Rad1 b5 21.Be2 e4 22.b3 Be5
23.Rxd8+ Rxd8 24.Rd1 Rxd1+ 25.Bxd1 Bc7 26.Kf2 Kf7 27.Ke3 Ke6 28.c3 f4+ 29.Kd2
e3+ 30.Kd3 h5 31.c4 g5 32.Bd4 b4 33.Bc5 Be8 34.a3 Bg6+ 35.Ke2 Bd6 36.axb4 axb4
37.Bd4 Be5 38.Bb6 Bf5 39.Bd8 g4 40.hxg4 hxg4 41.Ba5 Bd6 42.Bb6 Kd7 43.Bd4 Kc6
44.Bf6 g3 45.Bd4 Bb1 46.Ke1 Kd7 47.Be2 Ke6 48.Kd1 Be5 49.Bb6 Bf5 50.Ba5 Bd6
51.Bb6 Kd7 52.Bd4 Kc6 53.Bf6 Kc5 54.Bg7 Bc7 55.Bf6 Kd6 56.Bd4 Ba5 57.Ba7 Bc7
58.Bd4 Bb8 59.Bb6 Ke5 60.Bc5 Bd6 61.Bb6 Be6 62.Ba7 Kf6 63.Bd4+ Kg5 64.Bb6 Be5
65.Bd8+ Kh6 66.Be7 Bc3 67.Bd6 Kg5 68.Bc7 Bd2 69.Bd6 Bc3 70.Be7+ Kf5 71.Bd6 Kg5

[Event "2. Bundesliga Ost 2009/2010"]
[Site "17+18.10Zwettl14+15.11Poechlarn"]
[Date "2009.11.15"]
[Round "4"]
[Board "1"]
[White "Froschauer, Hans"]
[Black "Loeffler, Stefan"]
[Result "0-1"]
[WhiteElo "2126"]
[BlackElo "2416"]
[PlyCount "92"]
[EventDate "2009.10.17"]
[EventType "team"]
[EventRounds "11"]
[EventCountry "AUT"]
[WhiteTeam "ASVOE Pamhagen"]
[BlackTeam "SK Advisory Invest Baden"]

1.e4 c5 2.Nc3 e6 3.g3 d5 4.Bg2 d4 5.Nce2 d3 6.cxd3 Qxd3 7.Nf4 Qd7 8.Nf3 Nc6
9.O-O Nf6 10.d3 Be7 11.b3 e5 12.Ne2 O-O 13.Bb2 Qc7 14.Ne1 b6 15.f4 Rd8 16.Qc1
Ba6 17.Qc3 Nd7 18.fxe5 Qxe5 19.Qc2 Qd6 20.Nf4 Bf6 21.Nd5 Bxb2 22.Qxb2 Nde5
23.Rd1 Ne7 24.Rf2 Nxd5 25.exd5 Ng4 26.Rf3 Qh6 27.Qd2 Qxh2+ 28.Kf1 Qh5 29.Rf4 Re8
30.Nc2 Bb7 31.Re1 Bxd5 32.Bxd5 Qxd5 33.Kg1 Ne5 34.Re3 Re6 35.Qe2 Rae8 36.Rfe4 f5
37.Rf4 Ng6 38.Rff3 f4 39.gxf4 Nxf4 40.Rxf4 Qg5+ 41.Rg4 Rxe3 42.Qg2 Re1+ 43.Nxe1
Rxe1+ 44.Kh2 Qe5+ 45.Kh3 Re3+ 46.Kh4 Qe7+

[Event "2. Bundesliga Ost 2009/2010"]
[Site "17+18.10Zwettl14+15.11Poechlarn"]
[Date "2009.11.15"]
[Round "4"]
[Board "2"]
[White "Bawart, Markus"]
[Black "Orlovic, Veljko"]
[Result "1-0"]
[WhiteElo "2399"]
[BlackElo "2122"]
[PlyCount "93"]
[EventDate "2009.10.17"]
[EventType "team"]
[EventRounds "11"]
[EventCountry "AUT"]
[WhiteTeam "SK Advisory Invest Baden"]
[BlackTeam "ASVOE Pamhagen"]

1.Nf3 Nf6 2.c4 c5 3.Nc3 Nc6 4.e3 e6 5.d4 cxd4 6.exd4 d5 7.a3 Be7 8.Bf4 a6 9.c5
O-O 10.Bd3 Nd7 11.h4 g6 12.Bc2 Bf6 13.Bg5 Re8 14.O-O Bxg5 15.hxg5 Nf8 16.Re1 f6
17.gxf6 Qxf6 18.Nxd5 Qd8 19.Nb6 Rb8 20.b4 Bd7 21.Bb3 Kg7 22.Re4 Ne7 23.Ne5 Bc6
24.Qf3 Nf5 25.Nxc6 bxc6 26.Rae1 Qf6 27.Qf4 Rbd8 28.Qc7+ Kh8 29.d5 cxd5 30.Nxd5
Qb2 31.Qe5+ Qxe5 32.Rxe5 Rb8 33.Nc7 Red8 34.Nxa6 Ra8 35.Bc4 Rd4 36.Bf1 Rd7 37.c6
Rd6 38.Rc1 Ne7 39.b5 Kg7 40.a4 Kf6 41.Rec5 Nd5 42.a5 Rxa6 43.bxa6 Nc7 44.Rb1 e5
45.Bc4 Nfe6 46.Bxe6 Kxe6 47.a7

[Event "2. Bundesliga Ost 2009/2010"]
[Site "17+18.10Zwettl14+15.11Poechlarn"]
[Date "2009.11.15"]
[Round "4"]
[Board "3"]
[White "Bozinovic, Boban"]
[Black "Brandner, Stefan"]
[Result "0-1"]
[WhiteElo "2104"]
[BlackElo "2283"]
[PlyCount "76"]
[EventDate "2009.10.17"]
[EventType "team"]
[EventRounds "11"]
[EventCountry "AUT"]
[WhiteTeam "ASVOE Pamhagen"]
[BlackTeam "SK Advisory Invest Baden"]

1.d4 d5 2.Nf3 Nc6 3.Bf4 Bg4 4.e3 e6 5.c3 Nf6 6.Nbd2 Bd6 7.Bxd6 cxd6 8.h3 Bh5
9.Be2 O-O 10.O-O Ne4 11.Nxe4 dxe4 12.Nd2 Bxe2 13.Qxe2 f5 14.f3 d5 15.fxe4 dxe4
16.Rf2 Qg5 17.Raf1 Ne7 18.c4 Rad8 19.Qe1 Rf6 20.Re2 Qh5 21.Ref2 Ng6 22.b3 Nh4
23.Rf4 Rh6 24.R4f2 g5 25.Qd1 g4 26.Nxe4 fxe4 27.Qxg4+ Qxg4 28.hxg4 e5 29.d5 Rg6
30.Kh2 Rxg4 31.Kh3 h5 32.Rf7 Nxg2 33.Rxb7 Nxe3 34.Rff7 Ng2 35.Rxa7 Nf4+ 36.Kh2
e3 37.Rfe7 Rg2+ 38.Kh1 Rg5

[Event "2. Bundesliga Ost 2009/2010"]
[Site "17+18.10Zwettl14+15.11Poechlarn"]
[Date "2009.11.15"]
[Round "4"]
[Board "5"]
[White "Horvath, Maria"]
[Black "Geismann, Bernhard"]
[Result "1/2-1/2"]
[WhiteElo "2001"]
[BlackElo "2108"]
[PlyCount "82"]
[EventDate "2009.10.17"]
[EventType "team"]
[EventRounds "11"]
[EventCountry "AUT"]
[WhiteTeam "ASVOE Pamhagen"]
[BlackTeam "SK Advisory Invest Baden"]

1.d4 d5 2.c4 c6 3.Nf3 Nf6 4.Nc3 dxc4 5.a4 Bf5 6.e3 e6 7.Bxc4 Bb4 8.O-O O-O 9.Qe2
Nbd7 10.e4 Bg6 11.Bg5 Qa5 12.e5 Bxc3 13.exf6 Bxd4 14.Bd2 Qc5 15.Nxd4 Qxd4 16.Bc3
Qe4 17.fxg7 Rfe8 18.a5 Qxe2 19.Bxe2 Be4 20.Rfd1 Bd5 21.Ra3 f6 22.Bh5 Re7 23.Bb4
Rxg7 24.g3 c5 25.Bc3 Rf8 26.f4 Be4 27.Be2 Re7 28.b4 Kf7 29.bxc5 Nxc5 30.Bb4 Rc7
31.Rc1 Rfc8 32.Rac3 b6 33.axb6 axb6 34.Bh5+ Kg7 35.Be2 Kg6 36.Bb5 Bd5 37.Be2 Be4
38.Bb5 Bb7 39.Be2 Ba6 40.Bf3 Bb7 41.Bxb7 Rxb7

[Event "2. Bundesliga Ost 2009/2010"]
[Site "17+18.10Zwettl14+15.11Poechlarn"]
[Date "2009.11.15"]
[Round "4"]
[Board "6"]
[White "Zechner, Andrea"]
[Black "Rusek, Walter"]
[Result "0-1"]
[WhiteElo "1987"]
[BlackElo "1849"]
[PlyCount "62"]
[EventDate "2009.10.17"]
[EventType "team"]
[EventRounds "11"]
[EventCountry "AUT"]
[WhiteTeam "SK Advisory Invest Baden"]
[BlackTeam "ASVOE Pamhagen"]

1.d4 d5 2.c4 c6 3.Nf3 Nf6 4.Nc3 dxc4 5.a4 Bf5 6.e3 e6 7.Bxc4 Bb4 8.O-O O-O 9.Qe2
Nbd7 10.e4 Bg6 11.Bd3 Bh5 12.Bf4 Re8 13.e5 Nd5 14.Bd2 Ba5 15.Ne4 Bxd2 16.Qxd2
Bxf3 17.gxf3 Qh4 18.Kh1 Nf4 19.Bc2 Nh3 20.Nd6 Red8 21.a5 c5 22.Nxb7 Nxe5 23.Nxd8
Nxf3 24.Qe3 Nhg5 25.Qxg5 Qxg5 26.Be4 Qf4 27.Bxf3 Qxf3+ 28.Kg1 Rxd8 29.dxc5 Rd5
30.h4 Qg4+ 31.Kh2 Qxh4+

[Event "2. Bundesliga Ost 2009/2010"]
[Site "17+18.10Zwettl14+15.11Poechlarn"]
[Date "2010.01.30"]
[Round "5"]
[Board "1"]
[White "Lendwai, Reinhard"]
[Black "Wukits, Rene"]
[Result "1/2-1/2"]
[WhiteElo "2424"]
[BlackElo "2331"]
[PlyCount "32"]
[EventDate "2009.10.17"]
[EventType "team"]
[EventRounds "11"]
[EventCountry "AUT"]
[WhiteTeam "SK Advisory Invest Baden"]
[BlackTeam "SV Tschaturanga Neubau"]

1.e4 c5 2.Nf3 e6 3.c3 Nf6 4.e5 Nd5 5.g3 d6 6.exd6 Nc6 7.Bg2 Bxd6 8.d4 cxd4
9.Nxd4 Nxd4 10.Qxd4 O-O 11.O-O Be7 12.Rd1 Bf6 13.Qc5 Be7 14.Qd4 Bf6 15.Qc5 Be7
16.Qd4 Bf6

[Event "2. Bundesliga Ost 2009/2010"]
[Site "17+18.10Zwettl14+15.11Poechlarn"]
[Date "2010.01.30"]
[Round "5"]
[Board "2"]
[White "Kleiser, Gregor"]
[Black "Bawart, Markus"]
[Result "0-1"]
[WhiteElo "2313"]
[BlackElo "2399"]
[PlyCount "64"]
[EventDate "2009.10.17"]
[EventType "team"]
[EventRounds "11"]
[EventCountry "AUT"]
[WhiteTeam "SV Tschaturanga Neubau"]
[BlackTeam "SK Advisory Invest Baden"]

1.d4 Nf6 2.c4 g6 3.Nc3 Bg7 4.e4 d6 5.f4 O-O 6.Nf3 c5 7.d5 e6 8.Be2 exd5 9.cxd5
a6 10.a4 Re8 11.e5 Nfd7 12.Ne4 dxe5 13.Nd6 Rf8 14.O-O exf4 15.Bxf4 Nf6 16.h3
Nbd7 17.Rc1 Ne8 18.Qd2 Nxd6 19.Bxd6 Re8 20.Ng5 Nf6 21.Bxc5 h6 22.Nf3 Ne4 23.Qd1
Nxc5 24.Rxc5 Qb6 25.b4 Qxb4 26.Rc4 Qd6 27.Kh1 Bd7 28.Qd2 b5 29.Rf4 Rxe2 30.Qxe2
Qxf4 31.Qe7 Bf5 32.d6 Bf8

[Event "2. Bundesliga Ost 2009/2010"]
[Site "17+18.10Zwettl14+15.11Poechlarn"]
[Date "2010.01.30"]
[Round "5"]
[Board "3"]
[White "Sulyok, Michael"]
[Black "Kreindl, Helmut"]
[Result "1/2-1/2"]
[WhiteElo "2240"]
[BlackElo "2194"]
[PlyCount "90"]
[EventDate "2009.10.17"]
[EventType "team"]
[EventRounds "11"]
[EventCountry "AUT"]
[WhiteTeam "SK Advisory Invest Baden"]
[BlackTeam "SV Tschaturanga Neubau"]

1.c4 e6 2.Nf3 d5 3.g3 Nf6 4.Bg2 Be7 5.O-O O-O 6.b3 a5 7.Nc3 Ne4 8.Bb2 Bf6 9.d4
Nxc3 10.Bxc3 c6 11.Qc2 b6 12.Rfd1 Bb7 13.Nd2 Nd7 14.e4 Qc7 15.Bb2 Rfc8 16.Rac1
Qd8 17.Nf1 Qf8 18.Ne3 g6 19.Qe2 dxe4 20.Bxe4 a4 21.d5 cxd5 22.cxd5 Bxb2 23.Rxc8
Rxc8 24.dxe6 Bxe4 25.exd7 Rc1 26.Qxb2 Rxd1+ 27.Nxd1 Qd6 28.Ne3 Qxd7 29.bxa4 Qe6
30.Qd4 h5 31.h4 Bb7 32.Qf4 Qc6 33.f3 Qc1+ 34.Kh2 Qd2+ 35.Kg1 Qe1+ 36.Kh2 Qf2+
37.Kh3 Bxf3 38.Qb8+ Kh7 39.Qf4 Kg7 40.Nf5+ gxf5 41.Qg5+ Kh7 42.Qxf5+ Kg7 43.Qg5+
Kf8 44.Qd8+ Kg7 45.Qg5+ Kf8